Tilastot visalle Kenen Kirja? #3

Klikkaa tästä pelataksesi tätä visaa!

Yleistilastot

  • Tätä visaa on pelattu 51 kertaa
  • Keskiarvotulos 7 / 16

Vastaustilastot

KirjaKirjailija% Oikein
Viisikko-sarjaEnid Blyton
90%
Jäähyväiset aseilleErnest Hemingway
83%
Oliver TwistCharles Dickens
70%
Papin perheMinna Canth
63%
Fingerpori-sarjaPertti Jarla
58%
TaikavuoriThomas Mann
53%
KorppiEdgar Allan Poe
50%
KirsikkapuistoAnton Tšehov
48%
New York-trilogiaPaul Auster
45%
Kaikki oikeinAnna-Leena Härkönen
35%
Häivähdys purppuraaAlice Walker
25%
Titanin seireenitKurt Vonnegut
18%
ShikastaDoris Lessing
13%
Aikamatkustajan vaimoAudrey Niffenegger
10%
MiddlemarchGeorge Eliot
8%
Lähellä villiä sydäntäClarice Lispector
3%

Tulosjakauma

Persentiili vastausten määrän mukaan

Jokaisen tuloksen saaneiden osuus

Tuloshistoriasi

Et ole pelannut tätä visaa